<?xml version="1.0" encoding="UTF-8"?>
<record
    xmlns:xsi="http://www.w3.org/2001/XMLSchema-instance"
    xsi:schemaLocation="http://www.loc.gov/MARC21/slim http://www.loc.gov/standards/marcxml/schema/MARC21slim.xsd"
    xmlns="http://www.loc.gov/MARC21/slim">

  <leader>01772naa a22002651i 4500</leader>
  <controlfield tag="001">6858</controlfield>
  <controlfield tag="003">KOSZ 005</controlfield>
  <controlfield tag="005">20190604154927.0</controlfield>
  <controlfield tag="008">140602s1999    pl     f     |100 0 pol d</controlfield>
  <datafield tag="040" ind1=" " ind2=" ">
    <subfield code="c">BPK</subfield>
    <subfield code="d">KOSZ 005/ac</subfield>
  </datafield>
  <datafield tag="041" ind1=" " ind2=" ">
    <subfield code="a">pol</subfield>
    <subfield code="b">eng</subfield>
  </datafield>
  <datafield tag="080" ind1=" " ind2=" ">
    <subfield code="a">621.9</subfield>
  </datafield>
  <datafield tag="100" ind1="1" ind2=" ">
    <subfield code="a">KACALAK, Wojciech.</subfield>
    <subfield code="d">1996 - .</subfield>
    <subfield code="b">Politechnika Koszali&#x144;ska - Wydzia&#x142; Mechaniczny,</subfield>
    <subfield code="c">Katedra Mechaniki Precyzyjnej</subfield>
  </datafield>
  <datafield tag="245" ind1="2" ind2="1">
    <subfield code="a">Opory przemieszcze&#x144; materia&#x142;u w strefie mikroskrawania /</subfield>
    <subfield code="c">Wojciech Kacalak, Mariusz Kasprzyk.</subfield>
  </datafield>
  <datafield tag="246" ind1="3" ind2="0">
    <subfield code="a">Material displacement resistance in a microcutting zone</subfield>
  </datafield>
  <datafield tag="500" ind1=" " ind2=" ">
    <subfield code="a">Dane z autopsji.</subfield>
  </datafield>
  <datafield tag="520" ind1=" " ind2=" ">
    <subfield code="a">Na opory w strefie mikroskrawania, poza si&#x142;ami tarcia wyst&#x119;puj&#x105;cymi mi&#x119;dzy rozpatrywan&#x105; cz&#x105;stk&#x105; materia&#x142;u a powierzchni&#x105; ostrza, sk&#x142;adaj&#x105; si&#x119; oddzia&#x142;ywania cz&#x105;stek s&#x105;siednich w swym ruchu stycznym do powierzchni ostrza. Analiza wynik&#xF3;w modelowania warunk&#xF3;w przemieszczania si&#x119; materia&#x142;u w strefie styku z ostrzem wskazuje, &#x17C;e zwi&#x119;kszenie wsp&#xF3;&#x142;czynnika tarcia mi&#x119;dzy ostrzem a materia&#x142;em obrabianym, zwi&#x119;ksza opory bocznego przemieszczania si&#x119; materia&#x142;u w stopniu wi&#x119;kszym ni&#x17C; opory pionowego przemieszczania materia&#x142;u. Zastosowanie pr&#xF3;&#x17C;ni jako otoczenia procesu, taki skutek w&#x142;a&#x15B;nie wywo&#x142;uje.</subfield>
  </datafield>
  <datafield tag="650" ind1=" " ind2="0">
    <subfield code="a">Tarcie.</subfield>
  </datafield>
  <datafield tag="655" ind1=" " ind2="0">
    <subfield code="a">Materia&#x142;y konferencyjne.</subfield>
  </datafield>
  <datafield tag="650" ind1=" " ind2="0">
    <subfield code="a">Skrawanie</subfield>
  </datafield>
  <datafield tag="700" ind1="1" ind2=" ">
    <subfield code="a">KASPRZYK, Mariusz.</subfield>
    <subfield code="d">1996 - 2009.</subfield>
    <subfield code="b">Politechnika Koszali&#x144;ska - Wydzia&#x142; Mechaniczny,</subfield>
    <subfield code="c">Katedra Mechaniki Precyzyjnej</subfield>
  </datafield>
  <datafield tag="711" ind1="2" ind2="2">
    <subfield code="a">Naukowa Szko&#x142;a Obr&#xF3;bki &#x15A;ciernej</subfield>
    <subfield code="n">(22 ;</subfield>
    <subfield code="d">1999 ;</subfield>
    <subfield code="c">Gda&#x144;sk - Jurata, Polska).</subfield>
  </datafield>
  <datafield tag="773" ind1="0" ind2=" ">
    <subfield code="i">W :</subfield>
    <subfield code="t">XXII Naukowa Szko&#x142;a Obr&#xF3;bki &#x15A;ciernej : Gda&#x144;sk-Jurata, 8-10 wrze&#x15B;nia 1999 : referaty. - </subfield>
    <subfield code="d">[Gda&#x144;sk] : WM PG, [1999]. -</subfield>
    <subfield code="g">s. 139-144</subfield>
  </datafield>
  <datafield tag="942" ind1=" " ind2=" ">
    <subfield code="c">ROZ</subfield>
    <subfield code="2">UKD</subfield>
  </datafield>
  <datafield tag="999" ind1=" " ind2=" ">
    <subfield code="c">6858</subfield>
    <subfield code="d">6858</subfield>
  </datafield>
  <datafield tag="952" ind1=" " ind2=" ">
    <subfield code="0">0</subfield>
    <subfield code="1">0</subfield>
    <subfield code="4">0</subfield>
    <subfield code="7">0</subfield>
    <subfield code="a">BPK</subfield>
    <subfield code="b">BPK</subfield>
    <subfield code="o">102740</subfield>
    <subfield code="y">ROZ</subfield>
  </datafield>
</record>
